[Event "Astana Zhuldyzdary op-A"]
[Site "Astana"]
[Date "2023.07.12"]
[Round "3"]
[White "Novik, Maxim"]
[Black "Moldagali, Beksultan"]
[Result "1/2-1/2"]
[WhiteElo "2436"]
[BlackElo "2050"]
[PlyCount "109"]
[EventDate "2023.07.11"]
[EventType "swiss"]
[EventRounds "10"]
[EventCountry "KAZ"]
[SourceTitle "CBM 215 Extra"]
[Source "ChessBase"]
[SourceDate "2023.09.30"]
[SourceVersion "1"]
[SourceVersionDate "2023.09.30"]
[SourceQuality "1"]

1. d4 d5 2. c4 e6 3. Nc3 Be7 4. cxd5 exd5 5. Bf4 c6 6. Qc2 Nf6 7. e3 0-0 8. Bd3 Re8 9. Nf3 Nbd7 10. 0-0 Nf8 11. h3 Ng6 12. Bh2 Bd6 13. Bxd6 Qxd6 14. Rab1 a5 15. a3 Qe7 16. b4 axb4 17. axb4 b5 18. Qb2 Ne4 19. Rfc1 Bf5 20. Ra1 Qd7 21. Bf1 Nd6 22. Rxa8 Rxa8 23. Ra1 Qb7 24. Ra5 Rxa5 25. bxa5 Qa6 26. Na2 Qxa5 27. Nb4 Bd7 28. Qc3 Ne4 29. Qb2 Qa4 30. Ne1 Nd6 31. Ned3 Nc4 32. Qc3 Be8 33. Nc5 Qa3 34. Qxa3 Nxa3 35. Kh2 Kf8 36. Kg3 Nc4 37. Bxc4 bxc4 38. f3 Ke7 39. Kf2 Kd6 40. e4 Nf4 41. h4 Ne6 42. Nxe6 Kxe6 43. Ke3 Bd7 44. Na6 Kd6 45. Nc5 Be8 46. Kf4 Bd7 47. Ke3 Be6 48. Nb7+ Kd7 49. Nc5+ Ke7 50. Nb7 h6 51. Nc5 g6 52. Kd2 Kd6 53. Nb7+ Kd7 54. Nc5+ Kd6 55. Nb7+ 1/2-1/2

[Event "Asian Continental op 20th"]
[Site "Almaty"]
[Date "2023.06.06"]
[Round "3"]
[White "Makhnev, Denis"]
[Black "Moldagali, Beksultan"]
[Result "1/2-1/2"]
[WhiteElo "2469"]
[BlackElo "2106"]
[PlyCount "101"]
[EventDate "2023.06.04"]
[EventType "swiss"]
[EventRounds "9"]
[EventCountry "KAZ"]
[SourceTitle "CBM 214 Extra"]
[Source "ChessBase"]
[SourceDate "2023.07.31"]
[SourceVersion "1"]
[SourceVersionDate "2023.07.31"]
[SourceQuality "1"]

1. d4 d5 2. Nf3 Nf6 3. c4 e6 4. g3 Bb4+ 5. Bd2 Be7 6. Bg2 0-0 7. 0-0 c6 8. Qc2 Nbd7 9. Bf4 a5 10. Rd1 b6 11. Ne5 Bb7 12. cxd5 cxd5 13. Nc6 Qe8 14. Nxe7+ Qxe7 15. Qc7 Rfb8 16. Bd6 Qe8 17. a4 Ba6 18. Qc2 Rc8 19. Nc3 Rc6 20. Ba3 b5 21. axb5 Bxb5 22. Rdc1 Qb8 23. Qd2 Ba6 24. e4 dxe4 25. d5 exd5 26. Nxd5 Rxc1+ 27. Rxc1 Nxd5 28. Qxd5 Nf6 29. Qxa5 Bd3 30. Qc7 h6 31. Qxb8+ Rxb8 32. Bh3 Rb3 33. Rc5 Be2 34. Rc2 Bd3 35. Rc8+ Kh7 36. Rc7 Kg6 37. Rc5 e3 38. f3 e2 39. Rc1 Bc2 40. Kf2 Bd1 41. Rc3 Rxc3 42. bxc3 Nd5 43. Bb2 f5 44. f4 h5 45. c4 Nb4 46. Bc3 Nd3+ 47. Ke3 e1Q+ 48. Bxe1 Nxe1 49. Kd2 Bb3 50. Kxe1 Bxc4 51. Bg2 1/2-1/2